Miasta i wsie w województwie śląskim - Statystyki

Ogólne statystyki
  • Ten quiz został rozwiązany 8 razy
  • Średni wynik to 133 z 1162
Statystyki odpowiedzi
Powiat Gmina Odpowiedź % Poprawnych
będziński Będzin Będzin
86%
Częstochowa - Częstochowa
86%
częstochowski Koniecpol Dąbrowa
86%
kłobucki Popów Dąbrowa
86%
kłobucki Przystajń Dąbrowa
86%
Chorzów - Chorzów
71%
będziński Czeladź Czeladź
71%
częstochowski Janów Janów
71%
Katowice - Katowice
71%
częstochowski Koniecpol Koniecpol
71%
częstochowski Olsztyn Olsztyn
71%
częstochowski Przyrów Przyrów
71%
cieszyński Hażlach Rudnik
71%
raciborski Rudnik Rudnik
71%
Bielsko-Biała - Bielsko-Biała
57%
bieruńsko-Lędziński Bieruń Bieruń
57%
częstochowski Blachownia Blachownia
57%
będziński Bobrowniki Bobrowniki
57%
cieszyński Brenna Brenna
57%
Bytom - Bytom
57%
cieszyński Cieszyn Cieszyn
57%
bielski Czechowice-Dziedzice Czechowice-Dziedzice
57%
rybnicki Czerwionka-Leszczyny Czerwionka-Leszczyny
57%
Dąbrowa Górnicza - Dąbrowa Górnicza
57%
częstochowski Dąbrowa Zielona Dąbrowa Zielona
57%
gliwicki Gierałtowice Gierałtowice
57%
Gliwice - Gliwice
57%
pszczyński Goczałkowice-Zdrój Goczałkowice-Zdrój
57%
cieszyński Goleszów Goleszów
57%
cieszyński Hażlach Hażlach
57%
cieszyński Istebna Istebna
57%
raciborski Rudnik Jastrzębie
57%
Jastrzębie-Zdrój - Jastrzębie-Zdrój
57%
Jaworzno - Jaworzno
57%
żywiecki Jeleśnia Jeleśnia
57%
tarnogórski Kalety Kalety
57%
kłobucki Kłobuck Kłobuck
57%
częstochowski Kłomnice Kłomnice
57%
gliwicki Knurów Knurów
57%
lubliniecki Kochanowice Kochanowice
57%
myszkowski Koziegłowy Koziegłowy
57%
bielski Kozy Kozy
57%
zawierciański Kroczyce Kroczyce
57%
kłobucki Krzepice Krzepice
57%
raciborski Kuźnia Raciborska Kuźnia Raciborska
57%
wodzisławski Godów Łaziska
57%
mikołowski Łaziska Górne Łaziska Górne
57%
bielski Jasienica Łazy
57%
zawierciański Łazy Łazy
57%
bieruńsko-Lędziński Lędziny Lędziny
57%
częstochowski Lelów Lelów
57%
żywiecki Łodygowice Łodygowice
57%
lubliniecki Lubliniec Lubliniec
57%
tarnogórski Miasteczko Śląskie Miasteczko Śląskie
57%
będziński Mierzęcice Mierzęcice
57%
mikołowski Mikołów Mikołów
57%
żywiecki Milówka Milówka
57%
myszkowski Koziegłowy Mysłów
57%
Mysłowice - Mysłowice
57%
myszkowski Myszków Myszków
57%
zawierciański Ogrodzieniec Ogrodzieniec
57%
mikołowski Orzesze Orzesze
57%
raciborski Pietrowice Wielkie Pawłów
57%
gliwicki Toszek Pawłowice
57%
pszczyński Pawłowice Pawłowice
57%
częstochowski Janów Piasek
57%
lubliniecki Woźniki Piasek
57%
pszczyński Pszczyna Piasek
57%
Piekary Śląskie - Piekary Śląskie
57%
zawierciański Pilica Pilica
57%
częstochowski Poczesna Poczesna
57%
pszczyński Pszczyna Poręba
57%
zawierciański Poręba Poręba
57%
będziński Psary Psary
57%
lubliniecki Woźniki Psary
57%
pszczyński Pszczyna Pszczyna
57%
raciborski Racibórz Racibórz
57%
wodzisławski Radlin Radlin
57%
żywiecki Radziechowy-Wieprz Radziechowy
57%
żywiecki Rajcza Rajcza
57%
częstochowski Rędziny Rędziny
57%
zawierciański Szczekociny Rędziny
57%
raciborski Kuźnia Raciborska Ruda
57%
Ruda Śląska - Ruda Śląska
57%
Rybnik - Rybnik
57%
wodzisławski Rydułtowy Rydułtowy
57%
Siemianowice Śląskie - Siemianowice Śląskie
57%
cieszyński Skoczów Skoczów
57%
gliwicki Sośnicowice Sośnicowice
57%
Sosnowiec - Sosnowiec
57%
Świętochłowice - Świętochłowice
57%
zawierciański Szczekociny Szczekociny
57%
tarnogórski Tarnowskie Góry Tarnowskie Góry
57%
Tychy - Tychy
57%
żywiecki Ujsoły Ujsoły
57%
cieszyński Ustroń Ustroń
57%
żywiecki Węgierska Górka Węgierska Górka
57%
bielski Wilamowice Wilamowice
57%
cieszyński Skoczów Wilamowice
57%
zawierciański Włodowice Włodowice
57%
wodzisławski Wodzisław Śląski Wodzisław Śląski
57%
będziński Wojkowice Wojkowice
57%
zawierciański Irządze Woźniki
57%
Zabrze - Zabrze
57%
myszkowski Żarki Żarki
57%
zawierciański Żarnowiec Żarnowiec
57%
zawierciański Zawiercie Zawiercie
57%
cieszyński Zebrzydowice Zebrzydowice
57%
Żory - Żory
57%
żywiecki Żywiec Żywiec
57%
bielski Bestwina Bestwina
43%
gliwicki Rudziniec Bojszów
43%
bieruńsko-Lędziński Bojszowy Bojszowy
43%
bielski Buczkowice Buczkowice
43%
bieruńsko-Lędziński Chełm Śląski Chełm Śląski
43%
cieszyński Chybie Chybie
43%
lubliniecki Ciasna Ciasna
43%
cieszyński Dębowiec Dębowiec
43%
myszkowski Poraj Dębowiec
43%
rybnicki Gaszowice Gaszowice
43%
wodzisławski Godów Godów
43%
wodzisławski Gorzyce Gorzyce
43%
lubliniecki Herby Herby
43%
bieruńsko-Lędziński Imielin Imielin
43%
zawierciański Irządze Irządze
43%
bielski Jasienica Jasienica
43%
rybnicki Jejkowice Jejkowice
43%
lubliniecki Woźniki Kamienica
43%
częstochowski Kamienica Polska Kamienica Polska
43%
pszczyński Kobiór Kobiór
43%
cieszyński Istebna Koniaków
43%
częstochowski Konopiska Konopiska
43%
raciborski Kornowac Kornowac
43%
lubliniecki Koszęcin Koszęcin
43%
tarnogórski Krupski Młyn Krupski Młyn
43%
częstochowski Kruszyna Kruszyna
43%
raciborski Krzyżanowice Krzyżanowice
43%
częstochowski Olsztyn Kusięta
43%
żywiecki Lipowa Lipowa
43%
wodzisławski Lubomia Lubomia
43%
rybnicki Lyski Lyski
43%
wodzisławski Marklowice Marklowice
43%
myszkowski Poraj Masłońskie
43%
pszczyński Miedźna Miedźna
43%
częstochowski Mstów Mstów
43%
wodzisławski Mszana Mszana
43%
częstochowski Mykanów Mykanów
43%
raciborski Nędza Nędza
43%
mikołowski Ornontowice Ornontowice
43%
tarnogórski Ożarowice Ożarowice
43%
lubliniecki Pawonków Pawonków
43%
raciborski Pietrowice Wielkie Pietrowice Wielkie
43%
gliwicki Pilchowice Pilchowice
43%
bielski Porąbka Porąbka
43%
myszkowski Poraj Poraj
43%
wodzisławski Pszów Pszów
43%
tarnogórski Ożarowice Pyrzowice
43%
gliwicki Pyskowice Pyskowice
43%
tarnogórski Radzionków Radzionków
43%
częstochowski Koniecpol Rudniki
43%
częstochowski Rędziny Rudniki
43%
zawierciański Włodowice Rudniki
43%
raciborski Kuźnia Raciborska Rudy
43%
gliwicki Rudziniec Rudziniec
43%
będziński Sławków Sławków
43%
żywiecki Ślemień Ślemień
43%
żywiecki Rajcza Sól
43%
cieszyński Strumień Strumień
43%
pszczyński Suszec Suszec
43%
tarnogórski Świerklaniec Świerklaniec
43%
rybnicki Świerklany Świerklany
43%
żywiecki Świnna Świnna
43%
tarnogórski Tworóg Tworóg
43%
zawierciański Irządze Wilków
43%
bielski Wilkowice Wilkowice
43%
tarnogórski Zbrosławice Wilkowice
43%
cieszyński Wisła Wisła
43%
mikołowski Wyry Wyry
43%
tarnogórski Zbrosławice Zbrosławice
43%
częstochowski Koniecpol Aleksandrów
29%
kłobucki Panki Aleksandrów
29%
lubliniecki Boronów Boronów
29%
bielski Wilkowice Bystra
29%
żywiecki Radziechowy-Wieprz Bystra
29%
raciborski Krzyżanowice Chałupki
29%
zawierciański Szczekociny Chałupki
29%
częstochowski Blachownia Cisie
29%
żywiecki Czernichów Czernichów
29%
pszczyński Miedźna Gilowice
29%
żywiecki Gilowice Gilowice
29%
kłobucki Przystajń Górki
29%
raciborski Nędza Górki Śląskie
29%
wodzisławski Gorzyce Gorzyczki
29%
pszczyński Pszczyna Jankowice
29%
raciborski Kuźnia Raciborska Jankowice
29%
rybnicki Świerklany Jankowice
29%
bielski Jaworze Jaworze
29%
częstochowski Poczesna Korwinów
29%
żywiecki Koszarawa Koszarawa
29%
żywiecki Łękawica Łękawica
29%
bielski Czechowice-Dziedzice Ligota
29%
częstochowski Dąbrowa Zielona Lipie
29%
kłobucki Lipie Lipie
29%
kłobucki Miedźno Miedźno
29%
częstochowski Lelów Nakło
29%
myszkowski Niegowa Niegowa
29%
wodzisławski Gorzyce Olza
29%
kłobucki Opatów Opatów
29%
kłobucki Panki Panki
29%
tarnogórski Tworóg Połomia
29%
wodzisławski Mszana Połomia
29%
kłobucki Popów Popów
29%
kłobucki Przystajń Przystajń
29%
gliwicki Gierałtowice Przyszowice
29%
raciborski Krzyżanowice Rudyszwałd
29%
częstochowski Starcza Starcza
29%
zawierciański Szczekociny Starzyny
29%
rybnicki Lyski Sumina
29%
bielski Szczyrk Szczyrk
29%
gliwicki Wielowieś Wielowieś
29%
żywiecki Radziechowy-Wieprz Wieprz
29%
kłobucki Wręczyca Wielka Wręczyca Wielka
29%
częstochowski Janów Złoty Potok
29%
żywiecki Rajcza Zwardoń
29%
kłobucki Lipie Albertów
14%
kłobucki Przystajń Bagna
14%
cieszyński Strumień Bąków
14%
wodzisławski Gorzyce Bełsznica
14%
kłobucki Kłobuck Biała
14%
kłobucki Wręczyca Wielka Bieżeń
14%
częstochowski Olsztyn Biskupice
14%
zawierciański Pilica Biskupice
14%
kłobucki Przystajń Bór Zajaciński
14%
kłobucki Wręczyca Wielka Bór Zapilski
14%
kłobucki Wręczyca Wielka Brzezinki
14%
częstochowski Mstów Brzyszów
14%
częstochowski Janów Bystrzanowice
14%
częstochowski Mstów Cegielnia
14%
gliwicki Rudziniec Chechło
14%
zawierciański Łazy Chruszczobród
14%
gliwicki Gierałtowice Chudów
14%
żywiecki Węgierska Górka Cisiec
14%
kłobucki Panki Cyganka
14%
gliwicki Wielowieś Czarków
14%
pszczyński Pszczyna Czarków
14%
kłobucki Wręczyca Wielka Czarna Wieś
14%
rybnicki Gaszowice Czernica
14%
wodzisławski Gorzyce Czyżowice
14%
kłobucki Lipie Danków
14%
cieszyński Strumień Drogomyśl
14%
myszkowski Poraj Gęzyn
14%
pszczyński Pawłowice Golasowice
14%
kłobucki Wręczyca Wielka Golce
14%
zawierciański Szczekociny Goleniowy
14%
wodzisławski Godów Gołkowice
14%
częstochowski Janów Góry Gorzkowskie
14%
myszkowski Niegowa Gorzków Nowy
14%
myszkowski Niegowa Gorzków Stary
14%
bielski Jasienica Grodziec
14%
kłobucki Wręczyca Wielka Grodzisko
14%
częstochowski Janów Hucisko
14%
lubliniecki Boronów Hucisko
14%
zawierciański Włodowice Hucisko
14%
kłobucki Wręczyca Wielka Hutka
14%
częstochowski Konopiska Hutki
14%
kłobucki Panki Jaciska
14%
kłobucki Panki Janiki
14%
pszczyński Pawłowice Jarząbkowice
14%
tarnogórski Zbrosławice Jaśkowice
14%
częstochowski Mstów Jaskrów
14%
myszkowski Poraj Jastrząb
14%
kłobucki Wręczyca Wielka Jezioro
14%
częstochowski Przyrów Julianka
14%
cieszyński Zebrzydowice Kaczyce
14%
kłobucki Wręczyca Wielka Kalej
14%
kłobucki Panki Kałmuki
14%
kłobucki Przystajń Kamińsko
14%
kłobucki Kłobuck Kamyk
14%
kłobucki Panki Kawki
14%
cieszyński Skoczów Kiczyce
14%
częstochowski Starcza Klepaczka
14%
kłobucki Wręczyca Wielka Klepaczka
14%
częstochowski Poczesna Kolonia Borek
14%
cieszyński Zebrzydowice Kończyce Małe
14%
cieszyński Hażlach Kończyce Wielkie
14%
kłobucki Panki Konieczki
14%
częstochowski Rędziny Konin
14%
żywiecki Jeleśnia Korbielów
14%
gliwicki Toszek Kotulin
14%
częstochowski Olsztyn Krasawa
14%
częstochowski Mstów Krasice
14%
pszczyński Suszec Kryry
14%
pszczyński Pawłowice Krzyżowice
14%
rybnicki Czerwionka-Leszczyny Książenice
14%
częstochowski Mstów Kuchary
14%
kłobucki Popów Kule
14%
kłobucki Wręczyca Wielka Kuleje
14%
częstochowski Kłomnice Kuźnica
14%
kłobucki Przystajń Kuźnica Stara
14%
myszkowski Poraj Kuźnica Stara
14%
żywiecki Milówka Laliki
14%
żywiecki Ślemień Las
14%
kłobucki Kłobuck Lgota
14%
częstochowski Kruszyna Lgota Mała
14%
kłobucki Kłobuck Libidza
14%
lubliniecki Herby Lisów
14%
kłobucki Przystajń Ługi-Radły
14%
rybnicki Gaszowice Łuków Śląski
14%
cieszyński Zebrzydowice Marklowice Górne
14%
bieruńsko-Lędziński Bojszowy Międzyrzecze
14%
pszczyński Suszec Mizerów
14%
tarnogórski Świerklaniec Nakło Śląskie
14%
kłobucki Lipie Napoleon
14%
wodzisławski Lubomia Nieboczowy
14%
będziński Mierzęcice Nowa Wieś
14%
częstochowski Dąbrowa Zielona Nowa Wieś
14%
częstochowski Poczesna Nowa Wieś
14%
kłobucki Kłobuck Nowa Wieś
14%
kłobucki Popów Nowa Wieś
14%
rybnicki Lyski Nowa Wieś
14%
częstochowski Dąbrowa Zielona Olbrachcice
14%
kłobucki Panki Pacanów
14%
gliwicki Toszek Paczyna
14%
gliwicki Gierałtowice Paniówki
14%
częstochowski Koniecpol Piaski
14%
rybnicki Gaszowice Piece
14%
pszczyński Pawłowice Pielgrzymowice
14%
cieszyński Skoczów Pierściec
14%
żywiecki Łodygowice Pietrzykowice
14%
kłobucki Wręczyca Wielka Piła Druga
14%
kłobucki Wręczyca Wielka Piła Pierwsza
14%
gliwicki Toszek Pniów
14%
pszczyński Pawłowice Pniówek
14%
kłobucki Przystajń Podłęże Szlacheckie
14%
cieszyński Hażlach Pogwizdów
14%
częstochowski Janów Ponik
14%
myszkowski Koziegłowy Postęp
14%
kłobucki Panki Praszczyki
14%
będziński Psary Preczów
14%
cieszyński Strumień Pruchna
14%
częstochowski Olsztyn Przymiłowice
14%
rybnicki Lyski Pstrążna
14%
pszczyński Suszec Radostowice
14%
raciborski Krzyżanowice Roszków
14%
gliwicki Rudziniec Rudno
14%
kłobucki Kłobuck Rybno
14%
gliwicki Rudziniec Rzeczyce
14%
będziński Psary Sarnów
14%
gliwicki Toszek Sarnów
14%
częstochowski Janów Siedlec
14%
częstochowski Mstów Siedlec
14%
żywiecki Lipowa Sienna
14%
wodzisławski Godów Skrbeńsko
14%
wodzisławski Godów Skrzyszów
14%
częstochowski Janów Śmiertny Dąb
14%
żywiecki Ujsoły Soblówka
14%
częstochowski Mstów Srocko
14%
bielski Wilamowice Stara Wieś
14%
kłobucki Krzepice Starokrzepice
14%
częstochowski Przyrów Staropole
14%
częstochowski Mykanów Stary Cykarzew
14%
lubliniecki Koszęcin Strzebiń
14%
kłobucki Wręczyca Wielka Szarlejka
14%
rybnicki Czerwionka-Leszczyny Szczejkowice
14%
raciborski Nędza Szymocice
14%
gliwicki Rudziniec Taciszów
14%
żywiecki Czernichów Tresna
14%
kłobucki Wręczyca Wielka Truskolasy
14%
częstochowski Olsztyn Turów
14%
raciborski Kuźnia Raciborska Turze
14%
raciborski Krzyżanowice Tworków
14%
kłobucki Opatów Waleńczów
14%
częstochowski Mstów Wancerzów
14%
pszczyński Pawłowice Warszowice
14%
kłobucki Wręczyca Wielka Węglowice
14%
zawierciański Łazy Wiesiółka
14%
tarnogórski Zbrosławice Wieszowa
14%
gliwicki Pilchowice Wilcza
14%
pszczyński Pszczyna Wisła Mała
14%
pszczyński Pszczyna Wisła Wielka
14%
cieszyński Skoczów Wiślica
14%
będziński Siewierz Wojkowice Kościelne
14%
pszczyński Miedźna Wola
14%
kłobucki Wręczyca Wielka Wręczyca Mała
14%
cieszyński Chybie Zaborze
14%
myszkowski Żarki Zaborze
14%
bielski Czechowice-Dziedzice Zabrzeg
14%
częstochowski Janów Zagórze
14%
myszkowski Niegowa Zagórze
14%
cieszyński Hażlach Zamarski
14%
kłobucki Wręczyca Wielka Zamłynie
14%
myszkowski Poraj Żarki-Letnisko
14%
cieszyński Chybie Zarzecze
14%
zawierciański Pilica Zarzecze
14%
żywiecki Łodygowice Zarzecze
14%
częstochowski Poczesna Zawodzie
14%
kłobucki Panki Żerdzina
14%
częstochowski Olsztyn Zrębice
14%
częstochowski Janów Żuraw
14%
kłobucki Opatów Zwierzyniec Drugi
14%
kłobucki Opatów Zwierzyniec Pierwszy
14%
kłobucki Panki Zwierzyniec Trzeci
14%
częstochowski Kłomnice Adamów
0%
rybnicki Lyski Adamowice
0%
częstochowski Konopiska Aleksandria Druga
0%
częstochowski Konopiska Aleksandria Pierwsza
0%
częstochowski Przyrów Aleksandrówka
0%
raciborski Pietrowice Wielkie Amandów
0%
kłobucki Popów Annolesie
0%
myszkowski Niegowa Antolka
0%
kłobucki Popów Antonie
0%
częstochowski Mykanów Antoniów
0%
kłobucki Przystajń Antonów
0%
częstochowski Janów Apolonka
0%
raciborski Nędza Babice
0%
lubliniecki Woźniki Babienica
0%
częstochowski Kruszyna Baby
0%
gliwicki Sośnicowice Bargłówka
0%
częstochowski Poczesna Bargły
0%
częstochowski Kłomnice Bartkowice
0%
cieszyński Goleszów Bażanowice
0%
rybnicki Czerwionka-Leszczyny Bełk
0%
bielski Bestwina Bestwinka
0%
zawierciański Kroczyce Biała Błotna
0%
częstochowski Lelów Biała Wielka
0%
bielski Jasienica Bielowicko
0%
raciborski Krzyżanowice Bieńkowice
0%
żywiecki Łodygowice Bierna
0%
bielski Jasienica Biery
0%
cieszyński Skoczów Bładnice Dolne
0%
cieszyński Skoczów Bładnice Górne
0%
gliwicki Wielowieś Błażejowice
0%
myszkowski Niegowa Bliżyce
0%
wodzisławski Gorzyce Bluszczów
0%
myszkowski Niegowa Bobolice
0%
zawierciański Irządze Bodziejowice
0%
zawierciański Szczekociny Bógdał
0%
będziński Mierzęcice Boguchwałowice
0%
rybnicki Lyski Bogunice
0%
częstochowski Kruszyna Bogusławice
0%
gliwicki Toszek Boguszyce
0%
raciborski Krzanowice Bojanów
0%
bieruńsko-Lędziński Bojszowy Bojszowy Nowe
0%
raciborski Krzyżanowice Bolesław
0%
częstochowski Przyrów Bolesławów
0%
tarnogórski Zbrosławice Boniowice
0%
zawierciański Szczekociny Bonowice
0%
kłobucki Miedźno Borowa
0%
częstochowski Dąbrowa Zielona Borowce
0%
kłobucki Wręczyca Wielka Borowe
0%
kłobucki Kłobuck Borowianka
0%
częstochowski Mykanów Borowno
0%
raciborski Krzanowice Borucin
0%
tarnogórski Tworóg Boruszowice
0%
lubliniecki Herby Braszczok
0%
bielski Czechowice-Dziedzice Bronów
0%
zawierciański Kroczyce Browarek
0%
będziński Siewierz Brudzowice
0%
lubliniecki Koszęcin Brusiek
0%
tarnogórski Tworóg Brynek
0%
będziński Psary Brzękowice Dolne
0%
będziński Psary Brzękowice Górne
0%
będziński Psary Brzękowice-Wał
0%
pszczyński Pszczyna Brzeźce
0%
kłobucki Przystajń Brzeziny
0%
myszkowski Niegowa Brzeziny
0%
zawierciański Żarnowiec Brzeziny
0%
częstochowski Poczesna Brzeziny Nowe
0%
raciborski Rudnik Brzeźnica
0%
cieszyński Hażlach Brzezówka
0%
zawierciański Szczekociny Brzostek
0%
kłobucki Lipie Brzózki
0%
kłobucki Popów Brzózki
0%
żywiecki Radziechowy-Wieprz Brzuśnik
0%
raciborski Kuźnia Raciborska Budziska
0%
bielski Porąbka Bujaków
0%
wodzisławski Lubomia Buków
0%
częstochowski Olsztyn Bukowno
0%
gliwicki Rudziniec Bycina
0%
częstochowski Janów Bystrzanowice-Dwór
0%
częstochowski Lelów Celiny
0%
tarnogórski Ożarowice Celiny
0%
kłobucki Lipie Chałków
0%
zawierciański Żarnowiec Chlina
0%
częstochowski Kłomnice Chmielarze
0%
myszkowski Poraj Choroń
0%
częstochowski Kłomnice Chorzenice
0%
zawierciański Łazy Chruszczobród-Piaski
0%
lubliniecki Herby Chwostek
0%
zawierciański Łazy Ciągowice
0%
raciborski Nędza Ciechowice
0%
żywiecki Węgierska Górka Cięcina
0%
częstochowski Dąbrowa Zielona Cielętniki
0%
lubliniecki Koszęcin Cieszowa
0%
gliwicki Toszek Ciochowice
0%
zawierciański Pilica Cisowa
0%
cieszyński Goleszów Cisownica
0%
częstochowski Dąbrowa Zielona Cudków
0%
pszczyński Pszczyna Ćwiklice
0%
częstochowski Mykanów Cykarzew Północny
0%
myszkowski Koziegłowy Cynków
0%
raciborski Pietrowice Wielkie Cyprzanów
0%
bielski Porąbka Czaniec
0%
częstochowski Mykanów Czarny Las
0%
myszkowski Żarki Czatachowa
0%
będziński Siewierz Czekanka
0%
tarnogórski Zbrosławice Czekanów
0%
częstochowski Janów Czepurka
0%
raciborski Rudnik Czerwięcice
0%
częstochowski Dąbrowa Zielona Dąbek
0%
będziński Psary Dąbie
0%
będziński Psary Dąbie Chrobakowe
0%
będziński Psary Dąbie Górne
0%
gliwicki Wielowieś Dąbrówka
0%
kłobucki Popów Dąbrówka
0%
myszkowski Niegowa Dąbrowno
0%
bielski Wilamowice Dankowice
0%
kłobucki Krzepice Dankowice Drugie
0%
kłobucki Krzepice Dankowice Piaski
0%
kłobucki Krzepice Dankowice Pierwsze
0%
kłobucki Krzepice Dankowice Trzecie
0%
kłobucki Popów Dębie
0%
lubliniecki Boronów Dębowa Góra
0%
kłobucki Wręczyca Wielka Długi Kąt
0%
będziński Bobrowniki Dobieszowice
0%
zawierciański Pilica Dobra
0%
zawierciański Pilica Dobra-Kolonia
0%
zawierciański Pilica Dobraków
0%
zawierciański Kroczyce Dobrogoszczyce
0%
lubliniecki Boronów Doły
0%
lubliniecki Pawonków Draliny
0%
częstochowski Lelów Drochlin
0%
lubliniecki Kochanowice Droniowice
0%
zawierciański Szczekociny Drużykowa
0%
zawierciański Kroczyce Dzibice
0%
cieszyński Goleszów Dzięgielów
0%
lubliniecki Ciasna Dzielna
0%
będziński Siewierz Dziewki
0%
rybnicki Lyski Dzimierz
0%
zawierciański Pilica Dzwono-Sierbowice
0%
zawierciański Pilica Dzwonowice
0%
kłobucki Popów Florianów
0%
częstochowski Mykanów Florków
0%
cieszyński Chybie Frelichów
0%
pszczyński Miedźna Frydek
0%
zawierciański Ogrodzieniec Fugasówka
0%
gliwicki Wielowieś Gajowice
0%
raciborski Rudnik Gamów
0%
częstochowski Kłomnice Garnek
0%
częstochowski Mstów Gąszczyk
0%
zawierciański Ogrodzieniec Giebło
0%
zawierciański Ogrodzieniec Giebło-Kolonia
0%
kłobucki Lipie Giętkowizna
0%
lubliniecki Herby Głąby
0%
myszkowski Koziegłowy Gliniana Góra
0%
lubliniecki Ciasna Glinica
0%
żywiecki Ujsoły Glinka
0%
myszkowski Koziegłowy Gniazdów
0%
bielski Buczkowice Godziska
0%
cieszyński Goleszów Godziszów
0%
wodzisławski Mszana Gogołowa
0%
będziński Psary Goląsza Dolna
0%
będziński Psary Goląsza Górna
0%
będziński Siewierz Gołuchowice
0%
zawierciański Kroczyce Gołuchowice
0%
pszczyński Miedźna Góra
0%
będziński Psary Góra Siewierska
0%
zawierciański Włodowice Góra Włodowska
0%
cieszyński Brenna Górki Małe
0%
cieszyński Brenna Górki Wielkie
0%
częstochowski Blachownia Gorzelnia
0%
mikołowski Wyry Gostyń
0%
kłobucki Lipie Grabarze
0%
zawierciański Szczekociny Grabiec
0%
częstochowski Mykanów Grabowa
0%
zawierciański Łazy Grabowa
0%
częstochowski Mykanów Grabówka
0%
wodzisławski Lubomia Grabówka
0%
raciborski Pietrowice Wielkie Gródczanki
0%
częstochowski Lelów Gródek
0%
będziński Psary Gródków
0%
lubliniecki Boronów Grojec
0%
kłobucki Kłobuck Gruszewnia
0%
pszczyński Miedźna Grzawa
0%
raciborski Rudnik Grzegorzowice
0%
zawierciański Ogrodzieniec Gulzów
0%
cieszyński Dębowiec Gumna
0%
zawierciański Szczekociny Gustawów
0%
lubliniecki Pawonków Gwoździany
0%
lubliniecki Herby Hadra
0%
tarnogórski Tworóg Hanusek
0%
lubliniecki Kochanowice Harbułtowice
0%
cieszyński Skoczów Harbutowice
0%
bielski Wilamowice Hecznarowice
0%
będziński Siewierz Hektary
0%
częstochowski Kłomnice Huby
0%
częstochowski Poczesna Huta Stara A
0%
częstochowski Poczesna Huta Stara B
0%
zawierciański Kroczyce Huta Szklana
0%
zawierciański Łazy Hutki-Kanki
0%
bielski Jasienica Iłownica
0%
cieszyński Dębowiec Iskrzyczyn
0%
kłobucki Opatów Iwanowice Duże
0%
kłobucki Opatów Iwanowice Małe
0%
kłobucki Opatów Iwanowice Naboków
0%
kłobucki Miedźno Izbiska
0%
częstochowski Kruszyna Jacków
0%
częstochowski Konopiska Jamki
0%
częstochowski Mykanów Jamno
0%
bielski Bestwina Janowice
0%
myszkowski Żarki Jaroszów
0%
zawierciański Pilica Jasieniec
0%
tarnogórski Zbrosławice Jasiona
0%
lubliniecki Kochanowice Jawornica
0%
myszkowski Żarki Jaworznik
0%
cieszyński Istebna Jaworzynka
0%
częstochowski Mstów Jaźwiny
0%
bieruńsko-Lędziński Bojszowy Jedlina
0%
zawierciański Żarnowiec Jeziorowice
0%
lubliniecki Ciasna Jeżowa
0%
kłobucki Lipie Julianów
0%
żywiecki Radziechowy-Wieprz Juszczyna
0%
lubliniecki Herby Kalina
0%
bielski Buczkowice Kalna
0%
żywiecki Milówka Kamesznica
0%
tarnogórski Zbrosławice Kamieniec
0%
wodzisławski Gorzyce Kamień nad Odrą
0%
lubliniecki Woźniki Kamieńskie Młyny
0%
kłobucki Popów Kamieńszczyzna
0%
bielski Bestwina Kaniów
0%
tarnogórski Zbrosławice Karchowice
0%
częstochowski Kłomnice Karczewice
0%
częstochowski Rędziny Karolina
0%
zawierciański Pilica Kidów
0%
gliwicki Wielowieś Kieleczka
0%
zawierciański Ogrodzieniec Kiełkowice
0%
lubliniecki Herby Kierzki
0%
częstochowski Kruszyna Kijów
0%
cieszyński Goleszów Kisielów
0%
kłobucki Lipie Kleśniska
0%
gliwicki Rudziniec Kleszczów
0%
zawierciański Pilica Kleszczowa
0%
częstochowski Mstów Kłobukowice
0%
częstochowski Przyrów Knieja
0%
pszczyński Suszec Kobielice
0%
bielski Porąbka Kobiernice
0%
raciborski Kornowac Kobyla
0%
częstochowski Mstów Kobyłczyce-Okupniki
0%
lubliniecki Kochanowice Kochcice
0%
żywiecki Łękawica Kocierz Moszczanicki
0%
żywiecki Łękawica Kocierz Rychwałdzki
0%
zawierciański Pilica Kocikowa
0%
myszkowski Koziegłowy Koclin
0%
żywiecki Ślemień Kocoń
0%
częstochowski Mykanów Kokawa
0%
kłobucki Miedźno Kołaczkowice
0%
częstochowski Kamienica Polska Kolonia Klepaczka
0%
lubliniecki Herby Kolonia Lisów
0%
częstochowski Poczesna Kolonia Poczesna
0%
częstochowski Mykanów Kolonia Wierzchowisko
0%
częstochowski Kłomnice Konary
0%
częstochowski Blachownia Konradów
0%
częstochowski Lelów Konstantynów
0%
częstochowski Konopiska Kopalnia
0%
częstochowski Przyrów Kopaniny
0%
bieruńsko-Lędziński Chełm Śląski Kopciowice
0%
kłobucki Kłobuck Kopiec
0%
tarnogórski Zbrosławice Kopienica
0%
raciborski Pietrowice Wielkie Kornice
0%
zawierciański Żarnowiec Koryczany
0%
częstochowski Konopiska Korzonek
0%
częstochowski Rędziny Kościelec
0%
kłobucki Panki Koski Drugie
0%
kłobucki Panki Koski Pierwsze
0%
lubliniecki Pawonków Kośmidry
0%
cieszyński Dębowiec Kostkowice
0%
zawierciański Kroczyce Kostkowice
0%
kłobucki Panki Kostrzyna
0%
kłobucki Przystajń Kostrzyna
0%
lubliniecki Pawonków Koszwice
0%
kłobucki Panki Kotary
0%
gliwicki Toszek Kotliszowice
0%
myszkowski Żarki Kotowice
0%
tarnogórski Tworóg Koty
0%
cieszyński Skoczów Kowale
0%
cieszyński Goleszów Kozakowice Dolne
0%
cieszyński Goleszów Kozakowice Górne
0%
myszkowski Koziegłowy Koziegłówki
0%
gliwicki Sośnicowice Kozłów
0%
wodzisławski Godów Krostoszowice
0%
raciborski Pietrowice Wielkie Krowiarki
0%
myszkowski Koziegłowy Krusin
0%
raciborski Krzanowice Krzanowice (miasto)
0%
raciborski Krzanowice Krzanowice (wieś)
0%
żywiecki Jeleśnia Krzyżowa
0%
żywiecki Jeleśnia Krzyżówki
0%
tarnogórski Zbrosławice Księży Las
0%
częstochowski Mstów Kuśmierki
0%
gliwicki Pilchowice Kuźnia Nieborowska
0%
częstochowski Koniecpol Kuźnica Grodziska
0%
częstochowski Mykanów Kuźnica Kiedrzyńska
0%
częstochowski Mykanów Kuźnica Lechowa
0%
zawierciański Łazy Kuźnica Masłońska
0%
kłobucki Przystajń Kuźnica Nowa
0%
będziński Siewierz Kuźnica Piaskowa
0%
będziński Siewierz Kuźnica Podleśna
0%
będziński Siewierz Kuźnica Warężyńska
0%
częstochowski Koniecpol Kuźnica Wąsowska
0%
częstochowski Koniecpol Łabędź
0%
gliwicki Rudziniec Łącza
0%
cieszyński Dębowiec Łączka
0%
lubliniecki Pawonków Łagiewniki Małe
0%
lubliniecki Pawonków Łagiewniki Wielkie
0%
pszczyński Pszczyna Łąka
0%
raciborski Kornowac Łańce
0%
bielski Jasienica Landek
0%
gliwicki Rudziniec Łany
0%
zawierciański Żarnowiec Łany Małe
0%
zawierciański Żarnowiec Łany Średnie
0%
gliwicki Sośnicowice Łany Wielkie
0%
zawierciański Żarnowiec Łany Wielkie
0%
tarnogórski Zbrosławice Laryszów
0%
raciborski Rudnik Lasaki
0%
częstochowski Konopiska Łaziec
0%
lubliniecki Herby Łebki
0%
gliwicki Pilchowice Leboszowice
0%
częstochowski Kruszyna Łęg
0%
raciborski Nędza Łęg
0%
raciborski Pietrowice Wielkie Lekartów
0%
kłobucki Popów Lelity
0%
żywiecki Lipowa Leśna
0%
będziński Siewierz Leśniaki
0%
cieszyński Goleszów Leszna Górna
0%
częstochowski Janów Lgoczanka
0%
częstochowski Lelów Lgota Błotna
0%
częstochowski Lelów Lgota Gawronna
0%
myszkowski Koziegłowy Lgota Górna
0%
myszkowski Koziegłowy Lgota-Mokrzesz
0%
zawierciański Kroczyce Lgota Murowana
0%
myszkowski Koziegłowy Lgota-Nadwarcie
0%
zawierciański Kroczyce Lgotka
0%
raciborski Rudnik Ligota Książęca
0%
gliwicki Rudziniec Ligota Łabędzka
0%
gliwicki Toszek Ligota Toszecka
0%
wodzisławski Lubomia Ligota Tworkowska
0%
kłobucki Lipie Lindów
0%
częstochowski Kłomnice Lipicze
0%
lubliniecki Pawonków Lipie Śląskie
0%
częstochowski Janów Lipnik
0%
lubliniecki Pawonków Lisowice
0%
kłobucki Kłobuck Łobodno
0%
częstochowski Mykanów Łochynia
0%
częstochowski Blachownia Łojki
0%
lubliniecki Kochanowice Lubecko
0%
tarnogórski Zbrosławice Łubie
0%
tarnogórski Zbrosławice Łubki
0%
lubliniecki Kochanowice Lubockie
0%
częstochowski Mykanów Lubojenka
0%
częstochowski Mykanów Lubojna
0%
częstochowski Koniecpol Luborcza
0%
raciborski Rudnik Łubowice
0%
lubliniecki Woźniki Lubsza
0%
myszkowski Niegowa Ludwinów
0%
częstochowski Janów Lusławice
0%
częstochowski Mstów Łuszczyn
0%
myszkowski Niegowa Łutowiec
0%
kłobucki Krzepice Lutrowskie
0%
częstochowski Koniecpol Łysaków
0%
częstochowski Starcza Łysiec
0%
żywiecki Łękawica Łysina
0%
częstochowski Koniecpol Łysiny
0%
częstochowski Rędziny Madalin
0%
raciborski Pietrowice Wielkie Maków
0%
zawierciański Szczekociny Małachów
0%
będziński Psary Malinowice
0%
zawierciański Żarnowiec Małoszyce
0%
częstochowski Mstów Małusy Małe
0%
częstochowski Mstów Małusy Wielkie
0%
będziński Siewierz Marcinków
0%
częstochowski Rędziny Marianka Rędzińska
0%
kłobucki Popów Marianów
0%
myszkowski Koziegłowy Markowice
0%
bielski Jasienica Mazańcowice
0%
kłobucki Miedźno Mazówki
0%
częstochowski Poczesna Mazury
0%
częstochowski Lelów Mełchów
0%
bielski Wilkowice Meszna
0%
kłobucki Przystajń Michalinów
0%
częstochowski Kłomnice Michałów
0%
częstochowski Koniecpol Michałów
0%
częstochowski Poczesna Michałów
0%
częstochowski Kłomnice Michałów Rudnicki
0%
tarnogórski Zbrosławice Miedary
0%
żywiecki Czernichów Międzybrodzie Bialskie
0%
żywiecki Czernichów Międzybrodzie Żywieckie
0%
bielski Jasienica Międzyrzecze Dolne
0%
bielski Jasienica Międzyrzecze Górne
0%
cieszyński Skoczów Międzyświeć
0%
zawierciański Irządze Mikołajewice
0%
tarnogórski Tworóg Mikołeska
0%
częstochowski Dąbrowa Zielona Milionów
0%
myszkowski Koziegłowy Miłość
0%
myszkowski Niegowa Mirów
0%
zawierciański Łazy Mitręga
0%
częstochowski Poczesna Młynek
0%
cieszyński Chybie Mnich
0%
lubliniecki Herby Mochała
0%
myszkowski Niegowa Moczydło
0%
raciborski Rudnik Modzurów
0%
kłobucki Miedźno Mokra
0%
zawierciański Ogrodzieniec Mokrus
0%
częstochowski Mstów Mokrzesz
0%
lubliniecki Ciasna Molna
0%
zawierciański Włodowice Morsko
0%
kłobucki Przystajń Mrówczak
0%
żywiecki Jeleśnia Mutne
0%
będziński Bobrowniki Myszkowice
0%
myszkowski Niegowa Mzurów
0%
myszkowski Koziegłowy Mzyki
0%
będziński Mierzęcice Najdziszów
0%
kłobucki Lipie Natolin
0%
gliwicki Pilchowice Nieborowice
0%
częstochowski Dąbrowa Zielona Niebyła
0%
myszkowski Niegowa Niegówka
0%
zawierciański Łazy Niegowonice
0%
zawierciański Łazy Niegowoniczki
0%
gliwicki Rudziniec Niekarmia
0%
żywiecki Milówka Nieledwia
0%
częstochowski Poczesna Nierada
0%
gliwicki Rudziniec Niewiesze
0%
tarnogórski Ożarowice Niezdara
0%
częstochowski Kłomnice Nieznanice
0%
częstochowski Kłomnice Niwki
0%
myszkowski Koziegłowy Nowa Kuźnica
0%
tarnogórski Tworóg Nowa Wieś Tworoska
0%
będziński Siewierz Nowa Wioska
0%
raciborski Krzyżanowice Nowa Wioska
0%
tarnogórski Świerklaniec Nowe Chechło
0%
kłobucki Wręczyca Wielka Nowiny
0%
częstochowski Mykanów Nowy Broniszew
0%
częstochowski Mykanów Nowy Kocin
0%
częstochowski Koniecpol Oblasy
0%
cieszyński Skoczów Ochaby Małe
0%
cieszyński Skoczów Ochaby Wielkie
0%
myszkowski Koziegłowy Oczko
0%
wodzisławski Gorzyce Odra
0%
myszkowski Niegowa Ogorzelnik
0%
cieszyński Dębowiec Ogrodzona
0%
częstochowski Koniecpol Okołowice
0%
częstochowski Janów Okrąglik
0%
żywiecki Łękawica Okrajnik
0%
lubliniecki Herby Olszyna
0%
zawierciański Szczekociny Ołudza
0%
tarnogórski Świerklaniec Orzech
0%
myszkowski Koziegłowy Osiek
0%
częstochowski Kamienica Polska Osiny
0%
tarnogórski Ożarowice Ossy
0%
żywiecki Lipowa Ostre
0%
lubliniecki Kochanowice Ostrów
0%
myszkowski Żarki Ostrów
0%
kłobucki Miedźno Ostrowy nad Okszą
0%
zawierciański Żarnowiec Otola
0%
zawierciański Żarnowiec Otola Mała
0%
raciborski Krzyżanowice Owsiszcze
0%
częstochowski Janów Pabianice
0%
częstochowski Kłomnice Pacierzów
0%
gliwicki Toszek Paczynka
0%
rybnicki Czerwionka-Leszczyny Palowice
0%
lubliniecki Ciasna Panoszów
0%
zawierciański Włodowice Parkoszowice
0%
kłobucki Lipie Parzymiechy
0%
częstochowski Lelów Paulinów
0%
lubliniecki Kochanowice Pawełki
0%
częstochowski Koniecpol Pękowiec
0%
żywiecki Świnna Pewel Mała
0%
żywiecki Świnna Pewel Ślemieńska
0%
żywiecki Jeleśnia Pewel Wielka
0%
zawierciański Kroczyce Piaseczno
0%
kłobucki Wręczyca Wielka Pierzchno
0%
raciborski Krzanowice Pietraszyn
0%
lubliniecki Herby Pietrzaki
0%
myszkowski Koziegłowy Pińczyce
0%
bielski Wilamowice Pisarzowice
0%
gliwicki Toszek Pisarzowice
0%
kłobucki Popów Płaczki
0%
gliwicki Rudziniec Pławniowice
0%
gliwicki Toszek Płużniczka
0%
wodzisławski Godów Podbucze
0%
zawierciański Kroczyce Podlesice
0%
częstochowski Lelów Podlesie
0%
zawierciański Pilica Podleśna
0%
kłobucki Krzepice Podłęże Królewskie
0%
będziński Siewierz Podwarpie
0%
zawierciański Ogrodzieniec Podzamcze
0%
cieszyński Skoczów Pogórze
0%
raciborski Kornowac Pogrzebień
0%
raciborski Rudnik Ponięcice
0%
gliwicki Rudziniec Poniszowice
0%
myszkowski Niegowa Postaszowice
0%
tarnogórski Krupski Młyn Potępa
0%
zawierciański Kroczyce Pradła
0%
gliwicki Toszek Proboszczowice
0%
będziński Mierzęcice Przeczyce
0%
rybnicki Czerwionka-Leszczyny Przegędza
0%
tarnogórski Zbrosławice Przezchlebie
0%
żywiecki Radziechowy-Wieprz Przybędza
0%
żywiecki Jeleśnia Przyborów
0%
myszkowski Żarki Przybynów
0%
zawierciański Pilica Przychody
0%
zawierciański Szczekociny Przyłęk
0%
żywiecki Świnna Przyłęków
0%
zawierciański Kroczyce Przyłubsko
0%
tarnogórski Zbrosławice Ptakowice
0%
cieszyński Goleszów Puńców
0%
myszkowski Koziegłowy Pustkowie Lgockie
0%
kłobucki Wręczyca Wielka Puszczew
0%
gliwicki Sośnicowice Rachowice
0%
częstochowski Dąbrowa Zielona Raczkowice
0%
gliwicki Wielowieś Radonia
0%
częstochowski Mykanów Radostków
0%
częstochowski Mykanów Radostków-Kolonia
0%
częstochowski Koniecpol Radoszewnica
0%
gliwicki Wielowieś Raduń-Borowiany
0%
rybnicki Lyski Raszczyce
0%
kłobucki Popów Rębielice Królewskie
0%
kłobucki Lipie Rębielice Szlacheckie
0%
częstochowski Konopiska Rększowice
0%
wodzisławski Gorzyce Rogów
0%
będziński Bobrowniki Rogoźnik
0%
zawierciański Szczekociny Rokitno
0%
zawierciański Łazy Rokitno Szlacheckie
0%
częstochowski Kamienica Polska Romanów
0%
kłobucki Lipie Rozalin
0%
bielski Jasienica Roztropice
0%
raciborski Kuźnia Raciborska Ruda Kozielska
0%
częstochowski Koniecpol Rudniki-Kolonia
0%
częstochowski Starcza Rudnik Mały
0%
częstochowski Kamienica Polska Rudnik Wielki
0%
pszczyński Pszczyna Rudołtowice
0%
bielski Jasienica Rudzica
0%
pszczyński Suszec Rudziczka
0%
lubliniecki Koszęcin Rusinowice
0%
bielski Buczkowice Rybarzowice
0%
częstochowski Mykanów Rybna
0%
żywiecki Rajcza Rycerka Dolna
0%
żywiecki Rajcza Rycerka Górna
0%
żywiecki Gilowice Rychwałd
0%
żywiecki Świnna Rychwałdek
0%
zawierciański Ogrodzieniec Ryczów
0%
zawierciański Ogrodzieniec Ryczów-Kolonia
0%
kłobucki Miedźno Rywaczki
0%
zawierciański Włodowice Rzędkowice
0%
częstochowski Kłomnice Rzeki Małe
0%
częstochowski Kłomnice Rzeki Wielkie
0%
myszkowski Koziegłowy Rzeniszów
0%
częstochowski Kłomnice Rzerzęczyce
0%
raciborski Kornowac Rzuchów
0%
będziński Bobrowniki Sączów
0%
lubliniecki Koszęcin Sadów
0%
będziński Mierzęcice Sadowie
0%
zawierciański Irządze Sadowie
0%
raciborski Pietrowice Wielkie Samborowice
0%
zawierciański Pilica Siadcza
0%
zawierciański Kroczyce Siamoszyce
0%
myszkowski Koziegłowy Siedlec Duży
0%
myszkowski Koziegłowy Siedlec Mały
0%
raciborski Kuźnia Raciborska Siedliska
0%
zawierciański Szczekociny Siedliska
0%
zawierciański Kroczyce Siedliszowice
0%
kłobucki Przystajń Siekierowizna
0%
zawierciański Kroczyce Siemięrzyce
0%
będziński Bobrowniki Siemonia
0%
częstochowski Przyrów Sieraków
0%
gliwicki Sośnicowice Sierakowice
0%
lubliniecki Ciasna Sieraków Śląski
0%
zawierciański Pilica Sierbowice
0%
gliwicki Wielowieś Sieroty
0%
cieszyński Dębowiec Simoradz
0%
lubliniecki Boronów Sitki
0%
zawierciański Włodowice Skałka
0%
częstochowski Janów Skowronów
0%
częstochowski Olsztyn Skrajnica
0%
częstochowski Lelów Skrajniwa
0%
częstochowski Kłomnice Skrzydlów
0%
lubliniecki Pawonków Skrzydłowice
0%
raciborski Rudnik Sławienko
0%
raciborski Rudnik Sławików
0%
zawierciański Pilica Sławniów
0%
częstochowski Lelów Ślęzany
0%
częstochowski Kłomnice Śliwaków
0%
żywiecki Lipowa Słotwina
0%
częstochowski Poczesna Słowik
0%
gliwicki Rudziniec Słupsko
0%
kłobucki Popów Smolarze
0%
zawierciański Pilica Smoleń
0%
gliwicki Sośnicowice Smolnica
0%
częstochowski Przyrów Smyków
0%
częstochowski Dąbrowa Zielona Soborzyce
0%
częstochowski Poczesna Sobuczyna
0%
częstochowski Janów Sokole Pole
0%
myszkowski Niegowa Sokolniki
0%
lubliniecki Pawonków Solarnia
0%
zawierciański Pilica Solca
0%
żywiecki Rajcza Sól-Kiczora
0%
żywiecki Jeleśnia Sopotnia Mała
0%
żywiecki Jeleśnia Sopotnia Wielka
0%
gliwicki Pilchowice Stanica
0%
częstochowski Koniecpol Stanisławice
0%
częstochowski Przyrów Stanisławów
0%
kłobucki Lipie Stanisławów
0%
kłobucki Krzepice Stanki
0%
rybnicki Czerwionka-Leszczyny Stanowice
0%
kłobucki Przystajń Stany
0%
myszkowski Koziegłowy Stara HUta
0%
częstochowski Lelów Staromieście
0%
częstochowski Mykanów Stary Broniszew
0%
częstochowski Mykanów Stary Kocin
0%
częstochowski Koniecpol Stary Koniecpol
0%
raciborski Rudnik Strzybnik
0%
będziński Psary Strzyżowice
0%
pszczyński Pszczyna Studzienice
0%
pszczyński Pszczyna Studzionka
0%
myszkowski Żarki Suliszowice
0%
gliwicki Wielowieś Świbie
0%
bieruńsko-Lędziński Bojszowy Świerczyniec
0%
częstochowski Dąbrowa Zielona Święta Anna
0%
tarnogórski Zbrosławice Świętoszowice
0%
bielski Jasienica Świętoszówka
0%
tarnogórski Tworóg Świniowice
0%
częstochowski Przyrów Sygontka
0%
wodzisławski Lubomia Syrynia
0%
tarnogórski Zbrosławice Szałsza
0%
żywiecki Milówka Szare
0%
kłobucki Krzepice Szarki
0%
rybnicki Gaszowice Szczerbice
0%
lubliniecki Kochanowice Szklarnia
0%
raciborski Rudnik Szonowice
0%
zawierciański Pilica Szyce
0%
zawierciański Kroczyce Szypowice
0%
zawierciański Szczekociny Szyszki
0%
kłobucki Lipie Szyszków
0%
lubliniecki Herby Tanina
0%
tarnogórski Ożarowice Tąpkowice
0%
zawierciański Szczekociny Tęgobórz
0%
częstochowski Kruszyna Teklinów
0%
częstochowski Janów Teodorów
0%
częstochowski Koniecpol Teodorów
0%
myszkowski Niegowa Tomiszowice
0%
będziński Mierzęcice Toporowice
0%
gliwicki Sośnicowice Trachy
0%
kłobucki Lipie Troniny
0%
zawierciański Kroczyce Trzciniec
0%
żywiecki Świnna Trzebinia
0%
myszkowski Niegowa Trzebniów
0%
zawierciański Łazy Trzebyczka
0%
będziński Siewierz Tuliszów
0%
zawierciański Łazy Turza
0%
wodzisławski Gorzyce Turza Śląska
0%
częstochowski Lelów Turzyn
0%
żywiecki Lipowa Twardorzeczka
0%
będziński Bobrowniki Twardowice
0%
gliwicki Sośnicowice Tworóg Mały
0%
wodzisławski Gorzyce Uchylsko
0%
zawierciański Żarnowiec Udórz
0%
częstochowski Dąbrowa Zielona Ulesie
0%
częstochowski Konopiska Walaszczyki
0%
częstochowski Kamienica Polska Wanaty
0%
kłobucki Lipie Wapiennik
0%
kłobucki Miedźno Wapiennik
0%
będziński Siewierz Warężyn
0%
częstochowski Koniecpol Wąsosz
0%
częstochowski Konopiska Wąsosz
0%
kłobucki Popów Wąsosz Dolny
0%
kłobucki Popów Wąsosz Górny
0%
gliwicki Rudziniec Widów
0%
częstochowski Kruszyna Widzów
0%
częstochowski Kruszyna Widzówek
0%
kłobucki Popów Więcki
0%
zawierciański Pilica Wierbka
0%
częstochowski Przyrów Wiercica
0%
zawierciański Pilica Wierzbica
0%
lubliniecki Koszęcin Wierzbie
0%
częstochowski Mykanów Wierzchowisko
0%
bielski Jasienica Wieszczęta
0%
częstochowski Kruszyna Wikłów
0%
kłobucki Przystajń Wilcza Góra
0%
zawierciański Irządze Wilgoszcza
0%
gliwicki Toszek Wilkowiczki
0%
kłobucki Opatów Wilkowiecko
0%
myszkowski Koziegłowy Winowno
0%
gliwicki Wielowieś Wiśnicze
0%
częstochowski Kłomnice Witkowice
0%
zawierciański Irządze Witów
0%
kłobucki Miedźno Władysławów
0%
częstochowski Starcza Własna
0%
raciborski Krzanowice Wojnowice
0%
tarnogórski Tworóg Wojska
0%
myszkowski Koziegłowy Wojsławice
0%
częstochowski Mykanów Wola Hankowska
0%
częstochowski Mykanów Wola Kiedrzyńska
0%
zawierciański Żarnowiec Wola Libertowska
0%
częstochowski Przyrów Wola Mokrzeska
0%
częstochowski Koniecpol Wólka
0%
zawierciański Szczekociny Wólka Ołudzka
0%
zawierciański Szczekociny Wólka Starzyńska
0%
częstochowski Poczesna Wrzosowa
0%
kłobucki Popów Wrzosy
0%
kłobucki Przystajń Wrzosy
0%
kłobucki Wręczyca Wielka Wydra
0%
zawierciański Irządze Wygiełzów
0%
częstochowski Konopiska Wygoda
0%
będziński Bobrowniki Wymysłów
0%
częstochowski Blachownia Wyrazów
0%
zawierciański Łazy Wysoka
0%
myszkowski Żarki Wysoka Lelowska
0%
raciborski Krzyżanowice Zabełków
0%
myszkowski Koziegłowy Zabijak
0%
cieszyński Strumień Zabłocie
0%
żywiecki Węgierska Górka Żabnica
0%
zawierciański Żarnowiec Zabrodzie
0%
gliwicki Wielowieś Zacharzowice
0%
częstochowski Koniecpol Zagacie
0%
kłobucki Krzepice Zajączki Drugie
0%
kłobucki Krzepice Zajączki Pierwsze
0%
częstochowski Przyrów Zalesice
0%
częstochowski Dąbrowa Zielona Zaleszczyny
0%
częstochowski Koniecpol Załęże
0%
częstochowski Przyrów Zarębice
0%
częstochowski Koniecpol Zaróg
0%
bielski Wilamowice Zasole Bielańskie
0%
będziński Mierzęcice Zawada
0%
częstochowski Kamienica Polska Zawada
0%
częstochowski Kłomnice Zawada
0%
częstochowski Mstów Zawada
0%
myszkowski Żarki Zawada
0%
tarnogórski Zbrosławice Zawada
0%
raciborski Nędza Zawada Książęca
0%
zawierciański Irządze Zawada Pilicka
0%
zawierciański Irządze Zawadka
0%
kłobucki Popów Zawady
0%
będziński Siewierz Zawarpie
0%
częstochowski Kamienica Polska Zawisna
0%
częstochowski Kłomnice Zberezka
0%
lubliniecki Ciasna Zborowskie
0%
kłobucki Popów Zbory
0%
kłobucki Lipie Zbrojewsko
0%
cieszyński Strumień Zbytków
0%
zawierciański Włodowice Zdów
0%
częstochowski Kłomnice Zdrowa
0%
zawierciański Ogrodzieniec Żelazko
0%
będziński Siewierz Żelisławice
0%
tarnogórski Ożarowice Zendek
0%
raciborski Pietrowice Wielkie Żerdziny
0%
gliwicki Pilchowice Żernica
0%
tarnogórski Zbrosławice Ziemięcice
0%
kłobucki Lipie Zimnowoda
0%
żywiecki Ujsoły Złatna
0%
kłobucki Opatów Złochowice
0%
zawierciański Pilica Złożeniec
0%
lubliniecki Boronów Zumpy
0%
rybnicki Lyski Zwonowice
0%
rybnicki Lyski Żytna
0%
Nie znaleziono quizów pasujących do podanych kryteriów
Rozkład punktacji
Procent ludzi z każdym wynikiem
Percentyl według liczby udzielonych odpowiedzi
Twoja historia wyników
Nie rozwiązałeś tego quizu